Cirkevné námety na európskych minciach 3.-11. storočia

Bibliographic Details
Main Author: Hunka, Ján, 1958-2021 (Author)
Format: Article
Language:Slovak
PhysicalDescription:Obr.
ISBN:8022406910
Subjects:

MARC

LEADER 00000nab a2200000 a 4500
001 vtls000849299
003 SK-MaSNL
005 20260303190406.0
008 161006c2001 xo 0 slo
015 |a SNBRA2003/10-29248 
035 |a CLN000200954 
040 |a SNKBUCL  |b slo  |c SNKBUCL  |e AACR2 
041 0 |a slo 
044 |a xo  |c SK 
080 |a 904(4):737.1"02/10":7.046  |2 1997 
080 |a 737.1(4)"02/10"  |2 1997 
080 |a 7.046  |2 1997 
100 1 |a Hunka, Ján,  |d 1958-2021  |4 aut  |9 211368 
245 1 0 |a Cirkevné námety na európskych minciach 3.-11. storočia  |c Ján Hunka 
300 |b Obr. 
504 |a Res. angl. 
504 |a Bibliogr. odkazy 
650 0 7 |a mince  |2 snkbucl  |9 2305 
650 0 7 |a rímske mince  |2 snkbucl  |9 3058 
655 7 |a články zo zborníkov  |2 snkbucl  |9 166140 
773 0 |w SK01SNK2002000405075  |z 8022406910  |t Studia archaeologica slovaca mediaevalia III-IV/2000-2001  |d Bratislava : Veda, 2001  |g S. 203-217 
850 |a Slovenská národná knižnica v Martine 
852 |a SNK  |b KIS3GCP 
958 |a NB 
999 |c 2136015  |d 2137945